Proyecto para la creación de una empresa recolectora, recicladora y comercializadora de PET /
I tiakina i:
| Kaituhi matua: | |
|---|---|
| Ētahi atu kaituhi: | , |
| Hōputu: | Pukapuka |
| Reo: | Pāniora |
| Ngā marau: | |
| Ngā Tūtohu: |
Kāore He Tūtohu, Me noho koe te mea tuatahi ki te tūtohu i tēnei pūkete!
|
MARC
| LEADER | 00000nam^a2200000^a^4500 | ||
|---|---|---|---|
| 001 | 000273007 | ||
| 005 | 20250521000000.0 | ||
| 009 | 20260310111116.627 | ||
| 037 | |a Acervo ITESO - Biblioteca | ||
| 041 | |a ESP | ||
| 090 | |a CIN. 364 | ||
| 100 | |a Anda Cornejo, Adriana de |e (autor) | ||
| 245 | 1 | 0 | |a Proyecto para la creación de una empresa recolectora, recicladora y comercializadora de PET / |c A. de Anda Cornejo, A.I. Ramírez Morín, A. Reyes Rivas. |
| 264 | |a Guadalajara, México : |b edición de autor, |c 2008 | ||
| 300 | |a 1 disco compacto de computadora | ||
| 336 | |a datos para computadora |b cod |2 rdacontenido | ||
| 337 | |a computadora |b c |2 rdamedio | ||
| 338 | |a disco de computadora |b cd |2 rdasoporte | ||
| 593 | |a Tesis de Lic. en Comercio Internacional | ||
| 649 | |a XX | ||
| 650 | |a Sector Servicios - |z México - |x Tema Principal | ||
| 650 | |a Politereftalato de Etileno - |z México - |x Tratamiento y Reciclaje - |x Tema Principal | ||
| 650 | |a Politereftalato de Etileno - |z México - |x Aspectos Económicos | ||
| 650 | |a Termoplásticos - |z México - |x Aspectos Económicos | ||
| 650 | |a Polímeros - |z México - |x Aspectos Económicos | ||
| 650 | |a Basura - |z México - |x Tratamiento y Reciclaje - |x Aspectos Económicos - |x Tema Principal | ||
| 650 | |a Conservación y Protección Ambiental - |z México | ||
| 650 | |a Formación de Empresas - |z México - |x Tema Principal | ||
| 650 | |a Administración Financiera | ||
| 650 | |a Ciencias Administrativas | ||
| 700 | |a Ramírez Morín, Ana Isabel |e (autor) | ||
| 700 | |a Reyes Rivas, Angel |e (autor) | ||
| 910 | |a Fondo General | ||
| 920 | |a Electrónicos - Tesis del ITESO en Disco | ||
| 905 | |a 202 | ||
| 901 | |a 0500158837 |b IT2 |c STS |u 20250521 | ||
| 902 | |a https://opac.biblio.iteso.mx/vufind/Record/000273007 | ||